000 00563 a2200193 4500
001 63193
005 20260407155927.0
008 260407a1974 arg spa d
003 AR-UNSa-BCEJYS
040 _aAR-UNSa-BCEJYS
_bspa
_cAR-UNSa-BCEJYS
080 _a334.726
_xEmpresas multinacionales
245 1 0 _aIntroducción al estudio de las empresas transnacionales
264 1 _aBuenos Aires :
_bEl Coloquio
_c1974
300 _a284 p.
_c21 cm.
041 _aspa
942 _cBK
590 _aniveau_biblio:m niveau_hierar:0
100 1 _aFernandez Pol, Jorge E.
999 _c8034
_d8034